Небо над Віднем (Запис № 17548)

000 -Маркер запису
Контрольне поле сталої довжини 02433nam a22002537a 4500
003 - Належність контрольного номера
Контрольне поле Uzh_bibl
008 - Кодовані дані
Контрольне поле сталої довжини 260429b |||||||| |||| 00| 0 ukr d
020 ## - Індекс ISBN
ISBN 978-617-7176-07-6
Ціна 62.00
040 ## - Джерело каталогіз.
Код мови каталог. укр.
041 ## - Код мови видання
Код мови оригіналу українська
Код мови тексту українська
080 ## - Індекс УДК
Індекс УДК 821(477)
090 ## - Шифри
Поличний індекс 821(477)
Авторський знак К 61
100 ## - Автор
Автор Коломійчук ,Богдан
245 ## - Назва
Назва Небо над Віднем
Відповідальність худож.-оформлювач Л. П. Вировець.
Фізичний носій Текст
260 ## - Вихідні дані
Місце видання Харків
Видавництво ЛА"Час читати"
Дата видання 2016
300 ## - Фізичний опис
Обсяг 203 с.
Тип одиниці В опр.
520 ## - Анотація
Анотація Богдан Коломійчук (нар. 1984 р.) - український письменник, володар Гран-прі міжнародного конкурсу "Коронація слова-2013" за історико-авантюрний роман "Людвисар. Ігри вельмож". Автор збірок детективних оповідань "Таємниця Єви" (2014) та повістей "В'язниця душ" (2015). Усі три книжки вийшли друком у видавництві "Фоліо". У творах письменника поєднуються захоплюючий сюжет, містика, гумор та правдиві історичні факти.<br/><br/>До книжки увійшов детективний роман "Небо над Віднем" та повість "Остання справа комісара Вістовича". Роман розповідає про загадкові події, що мали місце у Львові, Будапешті та Відні на початку Першої світової війни. На виставці у місті Лева зникла одна з найцінніших коштовностей Габсбурзької династії, яка до того ж має здатність змінювати плин часу. До справи береться львівська поліція на чолі з комісаром Вістовичем, а протидіє їм російська "охранка".
521 ## - Примітка про цільове призначення
Примітка про цільове призначення Для широкого кола читачів
546 ## - Примітка про мову
Примітка про мову укр.
650 ## - Тематичні рубрики
Основна рубрика Літературно-художнє видання
653 ## - Ключові слова
Ключові слова Війна
-- Розслідування
655 ## - Термін індексування — жанр/форма
Жанр/форма Детектив
Типове ділення Роман і повість
942 ## - ADDED ENTRY ELEMENTS (KOHA)
Джерело класифікації чи схема поличного розташування
Koha item type Книги
Фонди
Статус вилучення Статус втрати/відсутності Джерело класифікації чи схема поличного розташування Статус пошкодження Тип обігу (не для випозичання) Постійне розташування Поточне розташування Розташування у відділі Дата надходження Інвентарний номер Total Checkouts Повний (примірниковий) шифр зберігання Штрих-код Date last seen Дата, для якої чинна ціна заміни Тип одиниці (рівень примірника)
          Бібліотека-філія №3 Бібліотека-філія №3 Абонемент старший відділ 29/04/2026 67934   821(477) 4162 29/04/2026 29/04/2026 Книги

Працює на АБІС Коха